000 01075naa a22002777a 4500
001 BR7907885
003 BR-BrBNA
005 20240918174517.0
007 ta
008 230509b bl.||||| |||| 00| 0 por d
040 _aBR-BrBNA
_bpor
_cBiblioteca Nacional de Agricultura
041 _a(Pt)
072 _aP05
090 _aP05 BR7907885
100 1 _aMoro, J.R.
100 1 _aAbreu, M.C. de
111 1 _a2. Congresso Latino-Americano de Energia Solar
_cJoao Pessoa, PB (Brazil)
_d13 Feb 1978
245 1 _aSuperficies seletivas de oxido de cobre, niquel-preto e cromo-preto e sua utilizacao na captacao da energia solar
260 3 _aJoao Pessoa, PB (Brasil):
_c1979.
500 _aAtas do 2. Congresso Latino-Americano de Energia Solar Joao Pessoa, PB (Brasil): 1979. v. 3 p. 721-724 (BR7907885-AM)P05
650 _aENERGIA SOLAR
650 _aCOLETOR SOLAR
773 0 _tAtas do 2. Congresso Latino-Americano de Energia Solar
_wP05 BR7907885
_gJoao Pessoa, PB (Brasil), 1979. v. 3 p. 721-724
909 _a202404
_bLucia
_c55
_dLucia Elande
942 _cAM
_2AGRIS
999 _c311687
_d311687